[Event "Oberliga Nord O 2122"]
[Site "Germany"]
[Date "2021.11.21"]
[Round "2.5"]
[White "Modler, Andreas"]
[Black "Trenner, Rolf"]
[Result "1/2-1/2"]
[WhiteElo "2215"]
[BlackElo "2177"]
[PlyCount "143"]
[EventDate "2021.10.31"]
[EventType "team-tourn"]
[EventRounds "9"]
[EventCountry "GER"]
[SourceTitle "EXT 2023"]
[Source "ChessBase"]
[SourceDate "2022.10.05"]
[SourceVersion "1"]
[SourceVersionDate "2022.10.05"]
[SourceQuality "1"]
[WhiteTeam "Berlin SF III"]
[BlackTeam "Potsdam Empor"]
[WhiteTeamCountry "GER"]
[BlackTeamCountry "GER"]

1. c4 Nf6 2. Nc3 g6 3. e4 d6 4. d4 Bg7 5. Nf3 0-0 6. h3 e5 7. d5 Nbd7 8. Bg5 h6 9. Be3 Nc5 10. Nd2 a5 11. Be2 Bd7 12. g4 Nh7 13. Qc2 f5 14. gxf5 gxf5 15. 0-0-0 f4 16. Bxc5 dxc5 17. Rdg1 Kh8 18. Bg4 Rg8 19. Qd1 Qe7 20. Bxd7 Qxd7 21. Qh5 Raf8 22. Nf3 Qe8 23. Qh4 Rf7 24. Rg6 Qe7 25. Qg4 Nf8 26. Nh4 Kh7 27. Nf5 Rxf5 28. exf5 Nxg6 29. Qxg6+ Kh8 30. Ne4 Qe8 31. Qe6 Qa4 32. f6 Qxc4+ 33. Nc3 Bf8 34. Qxe5 Qd4 35. Qxd4 cxd4 36. Ne4 b6 37. Kd2 Bd6 38. Kd3 Be5 39. Rc1 Rd8 40. Rg1 Rxd5 41. Rg6 c6 42. Rxh6+ Kg8 43. Ng5 Bxf6 44. Rxf6 Rxg5 45. Rxc6 Rb5 46. Rc2 Rh5 47. Kxd4 Rxh3 48. Ke4 Rh4 49. Rc6 b5 50. Rc5 f3+ 51. Kxf3 Rb4 52. Rc2 Kf7 53. a3 Rb3+ 54. Ke4 a4 55. f4 b4 56. axb4 Rxb4+ 57. Kf5 Rb5+ 58. Kg4 Kf6 59. Rc6+ Kf7 60. Ra6 Rxb2 61. Rxa4 Rb6 62. Ra5 Kg6 63. Rg5+ Kh6 64. Kf3 Rb3+ 65. Ke4 Rb4+ 66. Kf5 Rb5+ 67. Kf6 Rb6+ 68. Kf7 Rb7+ 69. Ke6 Rb6+ 70. Kf5 Rb5+ 71. Kf6 Rb6+ 72. Kf5 1/2-1/2

[Event "Graz op-A"]
[Site "Graz"]
[Date "2020.02.16"]
[Round "3"]
[White "Schnider, Gert"]
[Black "Modler, Andreas"]
[Result "1-0"]
[WhiteElo "2429"]
[BlackElo "2225"]
[PlyCount "61"]
[EventDate "2020.02.14"]
[EventType "swiss"]
[EventRounds "9"]
[EventCountry "AUT"]
[SourceTitle "CBM 195 Extra"]
[Source "ChessBase"]
[SourceDate "2020.05.31"]
[SourceVersion "1"]
[SourceVersionDate "2020.05.31"]
[SourceQuality "1"]

1. e4 c5 2. Nf3 e6 3. d4 cxd4 4. Nxd4 a6 5. c4 Nf6 6. Nc3 Qc7 7. Be2 Bb4 8. 0-0 Bxc3 9. bxc3 d6 10. Ba3 Nxe4 11. Bf3 Nc5 12. Nb3 0-0 13. Qd2 Rd8 14. Rfd1 Nc6 15. Nxc5 dxc5 16. Qe3 Bd7 17. Qxc5 h6 18. Rab1 Rac8 19. Qd6 Ne5 20. Be2 Qxd6 21. Bxd6 Ng6 22. Rxb7 Ba4 23. Rd2 Ne5 24. Rb4 Be8 25. f4 Nc6 26. Rbb2 a5 27. c5 a4 28. Rb6 Na5 29. Rd4 a3 30. Ra6 Ra8 31. Bc7 1-0

[Event "Oberliga Nord O 1819"]
[Site "Germany"]
[Date "2018.10.21"]
[Round "1.1"]
[White "Kiesekamp, Marcos"]
[Black "Modler, Andreas"]
[Result "1-0"]
[WhiteElo "2293"]
[BlackElo "2279"]
[PlyCount "73"]
[EventDate "2018.10.21"]
[EventType "team-tourn"]
[EventRounds "9"]
[EventCountry "GER"]
[SourceTitle "EXT 2020"]
[Source "ChessBase"]
[SourceDate "2019.10.17"]
[SourceVersion "1"]
[SourceVersionDate "2019.10.17"]
[SourceQuality "1"]
[WhiteTeam "Berlin Makkabi"]
[BlackTeam "Berlin SF III"]
[WhiteTeamCountry "GER"]
[BlackTeamCountry "GER"]

1. d4 Nf6 2. c4 e6 3. Nc3 Bb4 4. e3 c5 5. Bd3 Nc6 6. Nf3 Bxc3+ 7. bxc3 d6 8. 0-0 e5 9. d5 Ne7 10. Qc2 Bd7 11. Nd2 Ng6 12. f4 exf4 13. exf4 0-0 14. Nf3 Qa5 15. f5 Ne5 16. Nxe5 dxe5 17. Bg5 Qa6 18. Qf2 Qd6 19. Rae1 h6 20. Bxf6 Qxf6 21. Qxc5 e4 22. Rxe4 Qxc3 23. Qe3 Qf6 24. c5 Rfe8 25. Qd4 Qxd4+ 26. Rxd4 Rac8 27. Rc1 Re5 28. c6 bxc6 29. Ba6 Rce8 30. dxc6 Bxf5 31. c7 Re1+ 32. Rxe1 Rxe1+ 33. Kf2 Rc1 34. c8Q+ Bxc8 35. Rd8+ Kh7 36. Rxc8 Ra1 37. Bc4 1-0

[Event "Riga Tech op 8th"]
[Site "Riga"]
[Date "2018.08.07"]
[Round "3"]
[White "Anurag, Mhamal"]
[Black "Modler, Andreas"]
[Result "1/2-1/2"]
[WhiteElo "2484"]
[BlackElo "2278"]
[PlyCount "87"]
[EventDate "2018.08.06"]
[EventType "swiss"]
[EventRounds "9"]
[EventCountry "LAT"]
[SourceTitle "CBM 185 Extra"]
[Source "ChessBase"]
[SourceDate "2018.07.29"]
[SourceVersion "1"]
[SourceVersionDate "2018.07.29"]
[SourceQuality "1"]

1. e4 c5 2. Nf3 e6 3. d4 cxd4 4. Nxd4 a6 5. c4 Nf6 6. Nc3 Bb4 7. Bd3 Nc6 8. Nxc6 dxc6 9. 0-0 e5 10. h3 0-0 11. Be3 Be6 12. Na4 Nd7 13. c5 Qh4 14. Qc2 Ba5 15. Bc4 Bxc4 16. Qxc4 Nf6 17. f3 Rad8 18. Rfd1 Nh5 19. Qb3 Qe7 20. Nb6 Nf4 21. Nc4 Qg5 22. Bxf4 exf4 23. e5 Bc7 24. Qxb7 Bxe5 25. Nxe5 Qxe5 26. Qxc6 Rc8 27. Qxa6 Rxc5 28. Qd6 Qe3+ 29. Kh1 Rc2 30. Qd4 Qe2 31. Rg1 Rxb2 32. a4 h6 33. Qxf4 Ra8 34. Qd4 Rd2 35. Qg4 g6 36. Rge1 Qf2 37. Rf1 Qd4 38. f4 Rxa4 39. Rxa4 Qxa4 40. Qc8+ Kg7 41. f5 Rd1 42. Qc3+ Kg8 43. Qc8+ Kg7 44. Qc3+ 1/2-1/2

[Event "Graz op-A"]
[Site "Graz"]
[Date "2018.02.18"]
[Round "2"]
[White "Socko, Bartosz"]
[Black "Modler, Andreas"]
[Result "1-0"]
[WhiteElo "2593"]
[BlackElo "2294"]
[PlyCount "77"]
[EventDate "2018.02.17"]
[EventType "swiss"]
[EventRounds "9"]
[EventCountry "AUT"]
[SourceTitle "CBM 183 Extra"]
[Source "ChessBase"]
[SourceDate "2018.04.19"]
[SourceVersion "1"]
[SourceVersionDate "2018.04.19"]
[SourceQuality "1"]

1. e4 c5 2. Nf3 e6 3. d4 cxd4 4. Nxd4 a6 5. Nc3 Qc7 6. Be2 Nf6 7. 0-0 Bb4 8. Qd3 Nc6 9. Nxc6 bxc6 10. Bg5 Be7 11. f4 d5 12. Kh1 h6 13. Bh4 a5 14. e5 Nd7 15. Bxe7 Kxe7 16. Na4 c5 17. f5 Ba6 18. f6+ gxf6 19. exf6+ Kf8 20. Qd2 Bxe2 21. Qxe2 Rg8 22. Rf3 Rg6 23. Raf1 Rb8 24. a3 Rg4 25. b3 Rh4 26. h3 Rh5 27. Rf4 Rg5 28. Rg4 Qe5 29. Qd2 Nxf6 30. Rxg5 hxg5 31. Nxc5 Ke7 32. Qxa5 Rc8 33. Nd3 Qd6 34. Qa7+ Rc7 35. Qf2 e5 36. Qf5 Qe6 37. Qxg5 Rxc2 38. Nxe5 d4 39. Ng4 1-0

[Event "SUI-chT"]
[Site "Switzerland"]
[Date "2017.10.14"]
[Round "8.7"]
[White "Modler, Andreas"]
[Black "Wagner, Christian"]
[Result "1-0"]
[WhiteElo "2279"]
[BlackElo "2264"]
[PlyCount "85"]
[EventDate "2017.03.19"]
[EventType "team-swiss"]
[EventRounds "9"]
[EventCountry "SUI"]
[SourceTitle "EXT 2019"]
[Source "ChessBase"]
[SourceDate "2018.10.10"]
[SourceVersion "1"]
[SourceVersionDate "2018.10.10"]
[SourceQuality "1"]
[WhiteTeam "Bodan"]
[BlackTeam "Reti"]
[WhiteTeamCountry "SUI"]
[BlackTeamCountry "SUI"]

1. c4 c5 2. g3 g6 3. Nc3 Bg7 4. Bg2 Nc6 5. Nf3 d6 6. 0-0 e5 7. a3 Nge7 8. b4 0-0 9. Rb1 f5 10. Ne1 cxb4 11. axb4 Be6 12. b5 Na5 13. d3 Rc8 14. Bg5 h6 15. Bd2 b6 16. Nc2 Qd7 17. Nb4 f4 18. Nbd5 Rce8 19. Ne4 Nxd5 20. cxd5 Bxd5 21. Bxa5 f3 22. Bxf3 Rxf3 23. exf3 bxa5 24. b6 axb6 25. Rxb6 Bc6 26. Qc2 Bxe4 27. fxe4 Rd8 28. Qa2+ Kh7 29. Qxa5 h5 30. Kg2 h4 31. h3 Rf8 32. Qe1 Qf7 33. Qe2 d5 34. exd5 hxg3 35. Re6 gxf2 36. Rxf2 Qb7 37. Qe4 Rxf2+ 38. Kxf2 Qa7+ 39. Kg2 Qf7 40. Qg4 Bf6 41. Rd6 Bg7 42. Qe6 Qf5 43. Qxf5 1-0

[Event "SUI-chT"]
[Site "Switzerland"]
[Date "2017.09.02"]
[Round "6.8"]
[White "Modler, Andreas"]
[Black "Gruenenwald, Joerg"]
[Result "1-0"]
[WhiteElo "2279"]
[BlackElo "2324"]
[PlyCount "79"]
[EventDate "2017.03.19"]
[EventType "team-swiss"]
[EventRounds "9"]
[EventCountry "SUI"]
[SourceTitle "EXT 2018"]
[Source "ChessBase"]
[SourceDate "2017.10.13"]
[SourceVersion "1"]
[SourceVersionDate "2017.10.13"]
[SourceQuality "1"]
[WhiteTeam "Bodan"]
[BlackTeam "Zuerich"]
[WhiteTeamCountry "SUI"]
[BlackTeamCountry "SUI"]

1. c4 c6 2. e4 e5 3. Nf3 Nf6 4. Nc3 Bb4 5. Nxe5 Qe7 6. Nf3 Nxe4 7. Be2 0-0 8. 0-0 Nf6 9. a3 Ba5 10. b4 Bc7 11. d4 d5 12. cxd5 Nxd5 13. Nxd5 cxd5 14. Bg5 f6 15. Bh4 Nc6 16. Re1 Qf7 17. Rc1 Bf4 18. Rc3 Bf5 19. Bb5 Ne7 20. Bg3 Bxg3 21. hxg3 Ng6 22. Rce3 a6 23. Ba4 Bg4 24. Qe2 b5 25. Bb3 Rac8 26. Qa2 Bxf3 27. gxf3 Rfd8 28. Re6 Nf4 29. gxf4 Qg6+ 30. Kf1 Qd3+ 31. R6e2 Qxf3 32. Re8+ Kf7 33. R8e3 Qh1+ 34. Ke2 Qh5+ 35. Kd2 Qf5 36. Rf3 Kf8 37. Qb1 Qh5 38. Ree3 h6 39. Rg3 Qh2 40. Qg1 1-0

[Event "SUI-chT"]
[Site "Switzerland"]
[Date "2016.08.27"]
[Round "6.6"]
[White "Brunner, Lucas"]
[Black "Modler, Andreas"]
[Result "1/2-1/2"]
[WhiteElo "2447"]
[BlackElo "2273"]
[PlyCount "66"]
[EventDate "2016.03.20"]
[EventType "team-tourn"]
[EventRounds "9"]
[EventCountry "SUI"]
[SourceTitle "EXT 2017"]
[Source "ChessBase"]
[SourceDate "2016.10.25"]
[SourceVersion "1"]
[SourceVersionDate "2016.10.25"]
[SourceQuality "1"]
[WhiteTeam "Zuerich"]
[BlackTeam "Bodan"]
[WhiteTeamCountry "SUI"]
[BlackTeamCountry "SUI"]

1. e4 c5 2. Nf3 e6 3. c3 Nf6 4. e5 Nd5 5. d4 cxd4 6. cxd4 d6 7. Bc4 Nb6 8. Bd3 Bd7 9. 0-0 Bc6 10. Nc3 N8d7 11. exd6 Bxd6 12. Ne4 Be7 13. Be3 0-0 14. Qe2 Nd5 15. Rad1 Qc7 16. Bb1 Rfe8 17. Bd2 Bf8 18. Rfe1 g6 19. h4 Bg7 20. h5 Nf4 21. Bxf4 Qxf4 22. hxg6 hxg6 23. g3 Qc7 24. Qe3 Nf6 25. Nxf6+ Bxf6 26. Be4 Rac8 27. Rc1 Qd6 28. Bxc6 Rxc6 29. Rxc6 Qxc6 30. Rc1 Qd5 31. b3 Rd8 32. Rc7 Rd7 33. Rxd7 Qxd7 1/2-1/2

[Event "SUI-chT"]
[Site "Switzerland"]
[Date "2016.06.12"]
[Round "5.7"]
[White "Modler, Andreas"]
[Black "Schmidt Schaeffer, Sebastian"]
[Result "1/2-1/2"]
[WhiteElo "2273"]
[BlackElo "2355"]
[PlyCount "61"]
[EventDate "2016.03.20"]
[EventType "team-tourn"]
[EventRounds "9"]
[EventCountry "SUI"]
[SourceTitle "EXT 2017"]
[Source "ChessBase"]
[SourceDate "2016.10.25"]
[SourceVersion "1"]
[SourceVersionDate "2016.10.25"]
[SourceQuality "1"]
[WhiteTeam "Bodan"]
[BlackTeam "Riehen"]
[WhiteTeamCountry "SUI"]
[BlackTeamCountry "SUI"]

1. c4 f5 2. g3 Nf6 3. Bg2 e6 4. Nf3 d5 5. 0-0 Be7 6. b3 0-0 7. Bb2 a5 8. Nc3 Nbd7 9. d3 Nc5 10. a3 c6 11. b4 Na6 12. b5 Nc5 13. Qc2 Bd7 14. Ne5 Rc8 15. bxc6 bxc6 16. d4 Nce4 17. c5 Nxc3 18. Bxc3 Qc7 19. Rab1 Rb8 20. Qa4 Rxb1 21. Rxb1 Ra8 22. Rb6 Be8 23. Qb3 Qc8 24. e3 Bd8 25. Rb7 Bc7 26. Nd3 Bd7 27. Qb1 Qd8 28. Bf1 Bc8 29. Rb2 Qe8 30. Be2 Ne4 31. Qc2 1/2-1/2

[Event "SUI-chT"]
[Site "Switzerland"]
[Date "2016.04.17"]
[Round "2.5"]
[White "Modler, Andreas"]
[Black "Landenbergue, Claude"]
[Result "1/2-1/2"]
[WhiteElo "2273"]
[BlackElo "2349"]
[PlyCount "118"]
[EventDate "2016.03.20"]
[EventType "team-tourn"]
[EventRounds "9"]
[EventCountry "SUI"]
[SourceTitle "EXT 2017"]
[Source "ChessBase"]
[SourceDate "2016.10.25"]
[SourceVersion "1"]
[SourceVersionDate "2016.10.25"]
[SourceQuality "1"]
[WhiteTeam "Bodan"]
[BlackTeam "Geneve"]
[WhiteTeamCountry "SUI"]
[BlackTeamCountry "SUI"]

1. c4 e5 2. Nc3 Nf6 3. Nf3 Nc6 4. a3 d5 5. cxd5 Nxd5 6. Qc2 Be6 7. e3 Bd6 8. b4 a6 9. Bb2 0-0 10. Bd3 h6 11. 0-0 Nde7 12. Be2 Qd7 13. Rfd1 Bf5 14. Ne4 Rad8 15. Rac1 Qe6 16. Bc4 Qg6 17. Nh4 Bxe4 18. Nxg6 Bxc2 19. Nxe7+ Nxe7 20. Rxc2 c6 21. Kf1 Rfe8 22. Ke2 Nd5 23. g3 Nc7 24. d4 exd4 25. Rxd4 Be7 26. Rcd2 Rxd4 27. Rxd4 Rd8 28. Rf4 Nd5 29. Re4 Rd7 30. Bxd5 cxd5 31. Rd4 Bf6 32. Rd2 Bxb2 33. Rxb2 Rc7 34. Rd2 Rc3 35. Rd3 Rc2+ 36. Rd2 Rc3 37. Rd3 Rc2+ 38. Kf3 Ra2 39. g4 g6 40. h4 Kg7 41. g5 hxg5 42. hxg5 Kf8 43. Rc3 b5 44. Kg3 Kg7 45. f3 d4 46. exd4 Rd2 47. Rc6 a5 48. Rb6 Rxd4 49. Rxb5 axb4 50. Rxb4 Rd5 51. Kg4 Ra5 52. a4 Rc5 53. f4 Rc3 54. f5 gxf5+ 55. Kxf5 Rc5+ 56. Kf4 Ra5 57. Kg4 Kg6 58. Rb6+ Kg7 59. Rb4 Kg6 1/2-1/2

[Event "SUI-chT"]
[Site "Switzerland"]
[Date "2013.09.07"]
[Round "6.4"]
[White "Georgiadis, Nico"]
[Black "Modler, Andreas"]
[Result "1-0"]
[WhiteElo "2391"]
[BlackElo "2298"]
[PlyCount "79"]
[EventDate "2013.03.17"]
[EventType "team-tourn"]
[EventRounds "9"]
[EventCountry "SUI"]
[SourceTitle "EXT 2014"]
[Source "ChessBase"]
[SourceDate "2013.11.20"]
[SourceVersion "1"]
[SourceVersionDate "2013.11.20"]
[SourceQuality "1"]
[WhiteTeam "Winterthur"]
[BlackTeam "Bodan"]
[WhiteTeamCountry "SUI"]
[BlackTeamCountry "SUI"]

1. e4 d6 2. d4 Nf6 3. Nc3 e5 4. Nf3 Nbd7 5. Bc4 Be7 6. 0-0 0-0 7. Re1 c6 8. a4 b6 9. b3 a6 10. Bb2 Rb8 11. Bd3 b5 12. axb5 axb5 13. Ne2 Qc7 14. Ng3 g6 15. Qd2 Re8 16. h3 Bf8 17. Bf1 Bb7 18. Rad1 Bg7 19. Ba3 exd4 20. Nxd4 Ra8 21. Bb2 Nc5 22. Qf4 Ne6 23. Nxe6 Rxe6 24. Qc1 Rae8 25. Bd3 Qb6 26. c4 bxc4 27. Bxc4 d5 28. Bd4 c5 29. Bxf6 Bxf6 30. exd5 R6e7 31. Rxe7 Rxe7 32. Qf4 Be5 33. Qg4 Bd4 34. Nf5 Bxf2+ 35. Kf1 Re8 36. d6 Re4 37. d7 Bd4 38. Qg5 Rf4+ 39. Qxf4 gxf5 40. Qg5+ 1-0

[Event "SUI-chT"]
[Site "Switzerland"]
[Date "2013.06.22"]
[Round "4.4"]
[White "Mantovani, Renzo"]
[Black "Modler, Andreas"]
[Result "1-0"]
[WhiteElo "2360"]
[BlackElo "2298"]
[PlyCount "69"]
[EventDate "2013.03.17"]
[EventType "team-tourn"]
[EventRounds "9"]
[EventCountry "SUI"]
[SourceTitle "EXT 2014"]
[Source "ChessBase"]
[SourceDate "2013.11.20"]
[SourceVersion "1"]
[SourceVersionDate "2013.11.20"]
[SourceQuality "1"]
[WhiteTeam "Mendrisio"]
[BlackTeam "Bodan"]
[WhiteTeamCountry "SUI"]
[BlackTeamCountry "SUI"]

1. Nf3 d5 2. g3 Nf6 3. Bg2 c6 4. 0-0 Bg4 5. d3 Nbd7 6. Nbd2 e6 7. h3 Bh5 8. e4 Bxf3 9. Qxf3 Bd6 10. Qe2 0-0 11. f4 Qe7 12. e5 Bc5+ 13. Kh1 Ne8 14. Nf3 f5 15. exf6 Qxf6 16. Bd2 Nc7 17. c3 Rfe8 18. Rae1 Bb6 19. d4 Qg6 20. g4 Rf8 21. Bc1 Rae8 22. Qd1 Nb5 23. Re2 Nd6 24. Qe1 Bd8 25. b3 b6 26. Ba3 c5 27. dxc5 Nxc5 28. Ne5 Qh6 29. g5 Qh5 30. Bxc5 bxc5 31. Nd7 Rf7 32. Nxc5 Nf5 33. Rxe6 Rfe7 34. Kh2 Ne3 35. Qxe3 1-0

[Event "SUI-chT"]
[Site "Switzerland"]
[Date "2009.03.22"]
[Round "2.3"]
[White "Modler, Andreas"]
[Black "Brunner, Lucas"]
[Result "1/2-1/2"]
[WhiteElo "2257"]
[BlackElo "2475"]
[PlyCount "63"]
[EventDate "2009.02.22"]
[EventType "team-tourn"]
[EventRounds "9"]
[EventCountry "SUI"]
[SourceTitle "EXT 2011"]
[Source "ChessBase"]
[SourceDate "2010.11.26"]
[SourceVersion "1"]
[SourceVersionDate "2010.11.26"]
[SourceQuality "1"]
[WhiteTeam "Bodan"]
[BlackTeam "Zuerich"]
[WhiteTeamCountry "SUI"]
[BlackTeamCountry "SUI"]

1. d4 Nf6 2. c4 e6 3. Nf3 b6 4. g3 Bb7 5. Bg2 Bb4+ 6. Bd2 Be7 7. Nc3 0-0 8. 0-0 d5 9. cxd5 exd5 10. Ne5 Na6 11. Qa4 Qe8 12. Qb3 Rd8 13. Bg5 c5 14. Bxf6 Bxf6 15. Nxd5 Bxd5 16. Bxd5 cxd4 17. Ng4 Be7 18. Bc4 Nc5 19. Qf3 Bd6 20. h4 Kh8 21. Qf5 f6 22. h5 g6 23. hxg6 hxg6 24. Qf3 Qe4 25. Qxe4 Nxe4 26. Rfd1 f5 27. Nh2 Bc5 28. Bd3 Kg7 29. Nf3 a5 30. a4 Kf6 31. Kg2 Ng5 32. Nxg5 1/2-1/2

[Event "Berlin op 05"]
[Site "Berlin"]
[Date "2006.05.28"]
[Round "7"]
[White "Figura, Atila Gajo"]
[Black "Modler, Andreas"]
[Result "1-0"]
[WhiteElo "2313"]
[BlackElo "2019"]
[PlyCount "73"]
[EventDate "2006.05.24"]
[EventType "swiss"]
[EventRounds "7"]
[EventCountry "GER"]
[SourceTitle "EXT 2007"]
[Source "ChessBase"]
[SourceDate "2006.11.23"]
[SourceVersion "1"]
[SourceVersionDate "2006.11.23"]
[SourceQuality "1"]

1. d4 Nf6 2. c4 e6 3. Nc3 Bb4 4. Qc2 c5 5. dxc5 Qc7 6. a3 Bxc5 7. Nf3 a6 8. e3 Be7 9. Bd3 b6 10. b3 Bb7 11. Bb2 d6 12. 0-0 0-0 13. Ng5 h6 14. Nge4 Nbd7 15. f4 Rac8 16. Qf2 Rfe8 17. Qg3 Bf8 18. Rac1 Qb8 19. Nxf6+ Nxf6 20. e4 Nd7 21. b4 Qc7 22. Kh1 Qb8 23. Nb1 Ba8 24. Nd2 a5 25. Bc3 axb4 26. axb4 Bc6 27. e5 d5 28. cxd5 Bxd5 29. Ne4 Bxe4 30. Bxe4 Rc4 31. Bh7+ Kh8 32. Bb1 Qc7 33. Qd3 g6 34. f5 gxf5 35. Rxf5 exf5 36. Qxf5 Nf6 37. exf6 1-0

[Event "Berlin op 05"]
[Site "Berlin"]
[Date "2006.05.27"]
[Round "5"]
[White "Wendt, Jan Dietrich"]
[Black "Modler, Andreas"]
[Result "0-1"]
[WhiteElo "2277"]
[BlackElo "2019"]
[PlyCount "104"]
[EventDate "2006.05.24"]
[EventType "swiss"]
[EventRounds "7"]
[EventCountry "GER"]
[SourceTitle "EXT 2007"]
[Source "ChessBase"]
[SourceDate "2006.11.23"]
[SourceVersion "1"]
[SourceVersionDate "2006.11.23"]
[SourceQuality "1"]

1. c4 c5 2. Nf3 Nc6 3. d4 cxd4 4. Nxd4 e6 5. Nc3 a6 6. g3 Nf6 7. Bg2 Qc7 8. 0-0 Be7 9. b3 0-0 10. Bb2 d6 11. Rc1 Nxd4 12. Qxd4 Bd7 13. Rfd1 Rfd8 14. a4 Rac8 15. Ba3 Be8 16. Bb4 b6 17. Qe3 h6 18. h3 Bf8 19. Qf4 Be7 20. e4 Qb8 21. Qd2 Bf8 22. Kh2 Bc6 23. Qe2 Nd7 24. Qa2 Nc5 25. Qb1 Qb7 26. Re1 g6 27. Rcd1 Bg7 28. Nd5 exd5 29. cxd5 Be8 30. f4 a5 31. Bd2 Qc7 32. Be3 b5 33. Bd2 Qb6 34. b4 Nxa4 35. bxa5 Qb8 36. Qb3 Nc5 37. Qf3 b4 38. Rb1 b3 39. h4 h5 40. Be3 b2 41. g4 hxg4 42. Qxg4 Qb4 43. h5 Qxa5 44. e5 dxe5 45. f5 Nd3 46. Rg1 Qa4 47. Qxa4 Bxa4 48. Be4 Bc2 49. fxg6 fxg6 50. h6 Nf4 51. Rxb2 Bxe4 52. hxg7 Rxd5 0-1

[Event "Berlin op 05"]
[Site "Berlin"]
[Date "2006.05.25"]
[Round "2"]
[White "Modler, Andreas"]
[Black "Runge, Felix"]
[Result "1-0"]
[WhiteElo "2019"]
[BlackElo "1897"]
[PlyCount "73"]
[EventDate "2006.05.24"]
[EventType "swiss"]
[EventRounds "7"]
[EventCountry "GER"]
[SourceTitle "EXT 2007"]
[Source "ChessBase"]
[SourceDate "2006.11.23"]
[SourceVersion "1"]
[SourceVersionDate "2006.11.23"]
[SourceQuality "1"]

1. d4 f5 2. g3 Nf6 3. Bg2 g6 4. Nc3 d5 5. Nf3 b6 6. 0-0 Bb7 7. b3 Bg7 8. Bb2 0-0 9. Na4 Nc6 10. c4 e6 11. Rc1 Ne7 12. Qc2 Rc8 13. cxd5 exd5 14. Ne5 Qd6 15. Nd3 Ne4 16. e3 Nc6 17. a3 Nd8 18. Rfd1 Re8 19. b4 c6 20. Nc3 Re7 21. Qa4 Ba8 22. Qb3 Bb7 23. Qa4 Ba8 24. Qb3 Bb7 25. a4 Kh8 26. Ba3 Rec7 27. b5 Qd7 28. Nxe4 dxe4 29. Ne5 Qd5 30. Qxd5 cxd5 31. f4 exf3 32. Bxf3 Kg8 33. Rxc7 Rxc7 34. Nc6 Rd7 35. Rc1 a6 36. Nb8 Re7 37. Bxe7 1-0